[Event "DEM U10 2016"]
[Site "Willingen GER"]
[Date "2016.05.18"]
[Round "7"]
[White "Amato, Cristiano"]
[Black "Chassard, Cedric"]
[Result "1-0"]
[Termination "normal"]
[Board "22"]
[WhiteElo "1187"]
[BlackElo "833"]
[PlyCount "115"]
[WhiteFideId "12998460"]
[BlackFideId "16243536"]
[EventCountry "GER"]
[EventRounds "11"]
[EventType "swiss"]
[EventDate "2016.05.14"]

1. e4 e5 2. Nf3 Nc6 3. Bc4 Bc5 4. c3 d6 5. d3 Be6 6. Bb3 Nf6 7. O-O d5 8. exd5
Bxd5 9. Bg5 h6 10. Bh4 g5 11. Bg3 Qd6 12. Re1 Nd7 13. d4 Bxf3 14. Qxf3 Bb6 15.
Qxf7+ Kd8 16. Qg7 Qf8 17. Qxf8+ Rxf8 18. dxe5 h5 19. h4 gxh4 20. Bxh4+ Ne7 21.
Na3 Rf4 22. Bxe7+ Kxe7 23. Rf1 Nxe5 24. Rae1 Kf6 25. g3 Rg4 26. Kg2 Nd3 27.
Re6+ Kf5 28. Rh6 Nxb2 29. Rxh5+ Kg6 30. Rh4 Rxh4 31. gxh4 Nd3 32. Bc2 Bc5 33.
Bxd3+ Kh5 34. Nb5 c6 35. Nc7 Rc8 36. Ne6 Be7 37. Bf5 Bxh4 38. Nf4+ Kg5 39. Bxc8
Kxf4 40. Re1 a5 41. Bxb7 c5 42. Re4+ Kg5 43. Re5+ Kf6 44. Rxc5 a4 45. Ra5 Ke6
46. Rxa4 Kd7 47. Rxh4 Kc7 48. Bf3 Kd7 49. Rh6 Ke7 50. Bc6 Kf7 51. a4 Kg7 52.
Rd6 Kf7 53. a5 Ke7 54. Rh6 Kd8 55. a6 Kc8 56. Rh7 Kb8 57. a7+ Kc8 58. a8=Q# 1-0

[Event "DEM U10 2016"]
[Site "Willingen GER"]
[Date "2016.05.18"]
[Round "7"]
[White "Langer, Paul Georg"]
[Black "Sallandt, Frido"]
[Result "1-0"]
[Termination "normal"]
[Board "23"]
[WhiteElo "1170"]
[BlackElo "1080"]
[PlyCount "78"]
[WhiteFideId "16230051"]
[BlackFideId "16231767"]
[EventCountry "GER"]
[EventRounds "11"]
[EventType "swiss"]
[EventDate "2016.05.14"]

1. e4 d6 2. d4 Nf6 3. Nc3 g6 4. Bd3 Bg7 5. Nge2 O-O 6. Bd2 Nc6 7. h3 Bd7 8. O-O
e5 9. dxe5 dxe5 10. a3 a6 11. Qc1 Re8 12. Bg5 Be6 13. f4 exf4 14. Nxf4 h6 15.
Nxe6 Rxe6 16. Bxh6 Nd4 17. Bxg7 Kxg7 18. Kh1 Nh5 19. Kg1 Qh4 20. Bc4 Rf6 21.
Rxf6 Qxf6 22. Qf1 c6 23. Qxf6+ Nxf6 24. Rd1 Rd8 25. e5 Ng8 26. Kf2 Ne7 27. Ne2
b5 28. Nxd4 Kg8 29. Ba2 c5 30. c3 cxd4 31. Rxd4 Rxd4 32. cxd4 Nc6 33. Ke3 Kf8
34. Ke4 Ke7 35. d5 Nd8 36. d6+ Kd7 37. h4 Kc6 38. g4 g5 39. h5 Ne6 1-0

[Event "DEM U10 2016"]
[Site "Willingen GER"]
[Date "2016.05.18"]
[Round "7"]
[White "Walter, Alexander"]
[Black "Scharf, Christian"]
[Result "1-0"]
[Termination "normal"]
[Board "24"]
[WhiteElo "1128"]
[BlackElo "999"]
[PlyCount "111"]
[WhiteFideId "16227620"]
[BlackFideId "16266110"]
[EventCountry "GER"]
[EventRounds "11"]
[EventType "swiss"]
[EventDate "2016.05.14"]

1. e4 e5 2. Nf3 Nc6 3. Bc4 Bc5 4. c3 Nf6 5. d3 d6 6. Bb3 a6 7. O-O h6 8. Nbd2
Be6 9. Bc2 Ne7 10. h3 O-O 11. Re1 Ng6 12. Nf1 Qd7 13. Ng3 Nf4 14. Bxf4 exf4 15.
Nf1 d5 16. e5 Nh5 17. d4 Be7 18. N1d2 f6 19. Qe2 Rfe8 20. Rad1 b5 21. Bg6 Bf7
22. Bxf7+ Kxf7 23. e6+ Qxe6 24. Qxe6+ Kf8 25. Qe2 Ba3 26. Qxe8+ Rxe8 27. Rxe8+
Kxe8 28. bxa3 g5 29. Kh2 f5 30. g4 fxg3+ 31. fxg3 g4 32. hxg4 fxg4 33. Ne5 Ke7
34. Nb3 Nf6 35. Nc5 a5 36. Kg2 Ne4 37. Nxe4 dxe4 38. Re1 Kd6 39. Rxe4 c5 40.
Rxg4 cxd4 41. cxd4 b4 42. axb4 axb4 43. Kf3 Kd5 44. Ke3 Kd6 45. Ke4 Kc7 46. Rg6
h5 47. Kd5 Kb7 48. Kc5 b3 49. axb3 Ka7 50. Kb5 Kb7 51. Rg7+ Kc8 52. Kc6 Kd8 53.
Rf7 Ke8 54. Kd6 h4 55. gxh4 Kd8 56. Rf8# 1-0

[Event "DEM U10 2016"]
[Site "Willingen GER"]
[Date "2016.05.18"]
[Round "7"]
[White "Fuhrmann, Bahne"]
[Black "Böhm, Karl"]
[Result "0-1"]
[Termination "normal"]
[Board "25"]
[WhiteElo "1034"]
[BlackElo "1260"]
[PlyCount "78"]
[WhiteFideId "16244842"]
[BlackFideId "16209800"]
[EventCountry "GER"]
[EventRounds "11"]
[EventType "swiss"]
[EventDate "2016.05.14"]

1. e4 d5 2. exd5 Nf6 3. Bc4 Nxd5 4. Qh5 c6 5. Nc3 g6 6. Qf3 e6 7. d3 Nxc3 8.
bxc3 Bg7 9. Ne2 O-O 10. Ba3 Re8 11. O-O Nd7 12. Rab1 Ne5 13. Qf4 b6 14. Bb3 c5
15. d4 cxd4 16. cxd4 Nc6 17. c3 Qd7 18. Qf3 Ba6 19. Rfd1 Na5 20. Bc2 Nc4 21.
Be4 Nxa3 22. Bxa8 Nxb1 23. Bc6 Bxe2 24. Rxb1 Bxf3 25. Bxd7 Be4 26. Re1 Rd8 27.
Bxe6 fxe6 28. Rxe4 Kf7 29. g4 Rc8 30. Rf4+ Ke7 31. Rf3 Bh6 32. Rd3 Bc1 33. Kf1
Bb2 34. Rd2 Bxc3 35. Rd3 Rc4 36. Re3 Bxd4 37. Re4 Rc1+ 38. Ke2 Bc5 39. Ra4 a5
0-1

[Event "DEM U10 2016"]
[Site "Willingen GER"]
[Date "2016.05.18"]
[Round "7"]
[White "Lenz, Joshua"]
[Black "Amrhein, Dennis"]
[Result "0-1"]
[Termination "normal"]
[Board "26"]
[WhiteElo "1086"]
[BlackElo "1132"]
[PlyCount "78"]
[WhiteFideId "16256956"]
[BlackFideId "16254570"]
[EventCountry "GER"]
[EventRounds "11"]
[EventType "swiss"]
[EventDate "2016.05.14"]

1. d4 d5 2. c4 e6 3. Nc3 Nf6 4. e3 Be7 5. Nf3 O-O 6. Bd2 Nbd7 7. Qc2 b6 8. cxd5
Nxd5 9. Bd3 h6 10. e4 Nb4 11. Qb1 Nxd3+ 12. Qxd3 Bb7 13. Ne2 Nc5 14. Qe3 Nxe4
15. O-O Nxd2 16. Qxd2 Bxf3 17. gxf3 c5 18. Qf4 Bd6 19. Qg4 Qc7 20. f4 cxd4 21.
Rac1 Qb8 22. Kh1 d3 23. Rg1 g6 24. Nd4 Bxf4 25. Rcd1 Re8 26. Rxd3 Bxh2 27. Rg2
Be5 28. Qh5 Bg7 29. Qh3 Rc8 30. Nxe6 fxe6 31. Qxe6+ Kh8 32. Qxg6 Rc1+ 33. Rg1
Qb7+ 34. Kh2 Be5+ 35. Kh3 Rxg1 36. Qxh6+ Kg8 37. Qe6+ Kf8 38. Qxe5 Qg2+ 39. Kh4
Qg4# 0-1

[Event "DEM U10 2016"]
[Site "Willingen GER"]
[Date "2016.05.18"]
[Round "7"]
[White "Wellßow, Keoki"]
[Black "Richter, Gerrit"]
[Result "0-1"]
[Termination "normal"]
[Board "27"]
[WhiteElo "975"]
[BlackElo "1561"]
[PlyCount "98"]
[WhiteFideId "16251075"]
[BlackFideId "12990825"]
[EventCountry "GER"]
[EventRounds "11"]
[EventType "swiss"]
[EventDate "2016.05.14"]

1. e4 e6 2. d4 d5 3. e5 c5 4. c3 Nc6 5. Nf3 Qb6 6. a3 a5 7. g3 Bd7 8. Bg2 Nh6
9. O-O Nf5 10. Nbd2 cxd4 11. Nxd4 Ncxd4 12. cxd4 Nxd4 13. Nf3 Bc5 14. Be3 Nxf3+
15. Qxf3 Bxe3 16. fxe3 O-O 17. Qh5 Qxb2 18. Rab1 Qxa3 19. Rxb7 Qxe3+ 20. Kh1
Bc8 21. Rbxf7 Ba6 22. Rxf8+ Rxf8 23. Ra1 Qc3 24. Qd1 d4 25. Rc1 Be2 26. Rxc3
Bxd1 27. Rd3 Bc2 28. Rxd4 Rf5 29. Be4 Bxe4+ 30. Rxe4 Kf8 31. g4 Rf7 32. Kg2 Ke8
33. Rd4 Ra7 34. Ra4 Kd7 35. Kf2 Kc6 36. g5 Kd5 37. h4 g6 38. h5 Kxe5 39. Kg3
Kf5 40. hxg6 hxg6 41. Kh4 e5 42. Rc4 a4 43. Rc2 Kf4 44. Rf2+ Ke3 45. Rf6 a3 46.
Rxg6 a2 47. Rb6 a1=Q 48. Rb3+ Kf4 49. g6 Qe1+ 0-1

[Event "DEM U10 2016"]
[Site "Willingen GER"]
[Date "2016.05.18"]
[Round "7"]
[White "Müller, Maximilian"]
[Black "Poschadel, Andreas Gregor"]
[Result "0-1"]
[Termination "normal"]
[Board "28"]
[WhiteElo "784"]
[BlackElo "1222"]
[PlyCount "66"]
[WhiteFideId "16243552"]
[BlackFideId "16204948"]
[EventCountry "GER"]
[EventRounds "11"]
[EventType "swiss"]
[EventDate "2016.05.14"]

1. e4 e5 2. Nf3 Nc6 3. Bc4 Bc5 4. Nc3 d6 5. d3 Bg4 6. h3 Bh5 7. Bg5 Nge7 8. Nd5
Qd7 9. Bf6 Nxd5 10. g4 Nxf6 11. gxh5 O-O-O 12. Ng5 d5 13. exd5 Nxd5 14. Qf3 f6
15. Ne4 Nd4 16. Nxc5 Nxf3+ 17. Kf1 Qc6 18. Ne4 Nf4 19. a4 Nd2+ 20. Ke1 Nxc4 21.
b3 Nd6 22. Kd1 Nxe4 23. Rg1 Nxf2+ 24. Kd2 Nxh5 25. Kc1 Nxd3+ 26. Kb1 Nb4 27.
Kb2 Qxc2+ 28. Ka3 Nd3 29. Rab1 b5 30. axb5 Rd4 31. Rgd1 Nhf4 32. b6 axb6 33.
Rdc1 Nxc1 0-1